Food Prices and the Multiplier Effect of Trade Policy /

This paper studies the relationship between trade policy and food prices. We show that, when individuals are loss averse, governments may use trade policy to shield the domestic economy from large food price shocks. This creates a complementarity between the price of food in international markets an...

Повний опис

Бібліографічні деталі
Автор: Giordani, Paolo
Інші автори: Rocha, Nadia, Ruta, Michele
Формат: Журнал
Мова:English
Опубліковано: Washington, D.C. : International Monetary Fund, 2014.
Серія:IMF Working Papers; Working Paper ; No. 2014/182
Онлайн доступ:Full text available on IMF
LEADER 02090cas a2200265 a 4500
001 AALejournalIMF014744
008 230101c9999 xx r poo 0 0eng d
020 |c 5.00 USD 
020 |z 9781498320382 
022 |a 1018-5941 
040 |a BD-DhAAL  |c BD-DhAAL 
100 1 |a Giordani, Paolo. 
245 1 0 |a Food Prices and the Multiplier Effect of Trade Policy /  |c Paolo Giordani, Nadia Rocha, Michele Ruta. 
264 1 |a Washington, D.C. :  |b International Monetary Fund,  |c 2014. 
300 |a 1 online resource (48 pages) 
490 1 |a IMF Working Papers 
500 |a <strong>Off-Campus Access:</strong> No User ID or Password Required 
500 |a <strong>On-Campus Access:</strong> No User ID or Password Required 
506 |a Electronic access restricted to authorized BRAC University faculty, staff and students 
520 3 |a This paper studies the relationship between trade policy and food prices. We show that, when individuals are loss averse, governments may use trade policy to shield the domestic economy from large food price shocks. This creates a complementarity between the price of food in international markets and trade policy. Specifically, unilateral actions give rise to a "multiplier effect": when a shock drives up the price of food, exporters respond by imposing restrictions while importers wind down protection, thus exacerbating the initial shock and soliciting further trade policy activism. We test the key prediction of the theory with a new dataset that comprises monthly information on trade measures across 77 countries and 33 food products for the period 2008-11, finding evidence of a multiplier effect in food trade policy. These findings contribute to inform the broader debate on the proper regulation of food trade policy within the multilateral trading system. 
538 |a Mode of access: Internet 
700 1 |a Rocha, Nadia. 
700 1 |a Ruta, Michele. 
830 0 |a IMF Working Papers; Working Paper ;  |v No. 2014/182 
856 4 0 |z Full text available on IMF  |u http://elibrary.imf.org/view/journals/001/2014/182/001.2014.issue-182-en.xml  |z IMF e-Library